関東の市人口ワースト100 - Statistics

General Stats
  • This quiz has been taken 79 times
  • The average score is 80 of 100
Answer Stats
順位 都道府県 人口 Answer % Correct
1 千葉県 16,927 勝浦市
94%
44 千葉県 58,431 銚子市
91%
73 栃木県 77,661 日光市
91%
10 千葉県 35,831 南房総市
89%
41 東京都 56,414 福生市
89%
46 埼玉県 59,674 秩父市
89%
55 茨城県 66,950 鹿嶋市
89%
59 東京都 71,229 武蔵村山市
89%
94 神奈川県 101,780 伊勢原市
89%
16 茨城県 41,801 北茨城市
88%
20 栃木県 44,513 さくら市
88%
21 千葉県 45,153 館山市
88%
31 茨城県 49,872 つくばみらい市
88%
80 東京都 83,901 東大和市
88%
6 千葉県 32,116 鴨川市
86%
8 千葉県 35,040 匝瑳市
86%
13 茨城県 39,267 常陸大宮市
86%
14 茨城県 40,087 かすみがうら市
86%
17 神奈川県 42,069 三浦市
86%
71 茨城県 76,420 龍ケ崎市
86%
77 東京都 79,292 あきる野市
86%
15 神奈川県 40,841 南足柄市
85%
24 群馬県 47,446 富岡市
85%
27 茨城県 48,602 常陸太田市
85%
42 神奈川県 57,060 逗子市
85%
97 群馬県 106,445 桐生市
85%
2 栃木県 24,875 那須烏山市
83%
3 茨城県 27,604 潮来市
83%
4 茨城県 27,699 高萩市
83%
12 茨城県 39,122 桜川市
83%
22 群馬県 45,337 沼田市
83%
29 群馬県 49,648 みどり市
83%
34 埼玉県 52,214 白岡市
83%
40 群馬県 54,907 安中市
83%
43 千葉県 58,219 東金市
83%
66 群馬県 74,581 渋川市
83%
72 東京都 77,130 国立市
83%
78 埼玉県 80,361 飯能市
83%
79 千葉県 82,206 君津市
83%
84 東京都 84,772 狛江市
83%
9 千葉県 35,544 いすみ市
82%
18 千葉県 42,465 富津市
82%
25 千葉県 48,129 大網白里市
82%
28 茨城県 48,870 小美玉市
82%
38 東京都 54,326 羽村市
82%
48 埼玉県 61,499 蓮田市
82%
51 千葉県 63,745 旭市
82%
56 千葉県 67,455 八街市
82%
65 埼玉県 74,283 蕨市
82%
75 埼玉県 78,569 本庄市
82%
86 埼玉県 91,791 東松山市
82%
89 千葉県 93,576 四街道市
82%
23 茨城県 45,953 鉾田市
80%
33 茨城県 50,645 結城市
80%
36 埼玉県 52,862 羽生市
80%
45 栃木県 59,507 下野市
80%
52 千葉県 63,883 袖ケ浦市
80%
62 千葉県 72,356 香取市
80%
63 茨城県 73,061 石岡市
80%
68 群馬県 75,309 館林市
80%
83 茨城県 84,651 牛久市
80%
87 東京都 93,151 稲城市
80%
96 茨城県 104,524 取手市
80%
7 茨城県 32,185 行方市
78%
47 茨城県 60,834 常総市
78%
53 埼玉県 65,201 北本市
78%
57 茨城県 68,421 守谷市
78%
60 埼玉県 71,979 吉川市
78%
74 栃木県 78,190 真岡市
78%
99 埼玉県 111,623 加須市
78%
5 栃木県 31,165 矢板市
77%
30 千葉県 49,735 富里市
77%
49 千葉県 62,441 白井市
77%
70 東京都 76,208 清瀬市
77%
100 埼玉県 111,859 富士見市
77%
11 茨城県 39,039 稲敷市
75%
26 千葉県 48,444 山武市
75%
50 群馬県 63,261 藤岡市
75%
61 栃木県 72,087 大田原市
75%
64 茨城県 73,173 笠間市
75%
81 神奈川県 83,913 綾瀬市
75%
82 埼玉県 83,989 和光市
75%
95 千葉県 102,609 印西市
75%
37 茨城県 53,502 那珂市
74%
67 埼玉県 74,748 桶川市
74%
69 埼玉県 75,346 志木市
74%
76 埼玉県 78,617 行田市
74%
90 栃木県 94,033 鹿沼市
74%
91 茨城県 95,454 神栖市
74%
93 茨城県 100,753 筑西市
74%
32 埼玉県 50,066 幸手市
72%
39 埼玉県 54,571 日高市
72%
85 千葉県 86,782 茂原市
72%
88 埼玉県 93,363 八潮市
72%
19 茨城県 42,521 下妻市
71%
92 埼玉県 100,275 坂戸市
71%
58 埼玉県 70,117 鶴ヶ島市
69%
35 茨城県 52,265 坂東市
68%
98 千葉県 109,932 鎌ケ谷市
68%
54 東京都 66,680 千代田区
52%
No matching quizzes found
Score Distribution
Percent of People with Each Score
Percentile by Number Answered
Your Score History
You have not taken this quiz